[Event "FIDE World Cup 2017"]
[Site "Tbilisi"]
[Date "2017.09.07"]
[Round "2.2"]
[White "Andreikin, Dmitry"]
[Black "Matlakov, Maxim"]
[Result "1/2-1/2"]
[WhiteElo "2708"]
[BlackElo "2728"]
[Annotator "TA"]
[PlyCount "51"]
[EventDate "2017.??.??"]
[EventType "k.o."]
[EventCountry "GEO"]
[SourceTitle "playchess.com"]
[Source "ChessBase"]
[SourceQuality "1"]

{[%evp 21,51,4,6,18,27,27,25,16,15,11,11,11,11,8,18,16,8,8,16,16,8,8,15,0,0,0,0,0,0,0,0,0]} 1. d4 Nf6 2. c4 e6 3. Nc3 Bb4 4. Qc2 d5 5. a3 Bxc3+ 6. Qxc3 dxc4 7. Qxc4 b6 {E36: Nimzo-Indian: Classical: 4...d5 5 a3} 8. Nf3 Ba6 9. Qa4+ Qd7 10. Qc2 O-O 11. Bg5 c5 {LiveBook: 36 Games} 12. dxc5 Rc8 13. Bxf6 gxf6 14. Qe4 Qb5 {The position is equal.} 15. b4 {Threatens to win with e3.} ({Don't play} 15. Qxa8 Qxb2 16. Rd1 Nc6 $17) 15... bxc5 16. e3 ({Much worse is} 16. Qxa8 Qc4 $17) 16... Qb7 {[#]} 17. Qg4+ $146 Kf8 18. b5 Bxb5 19. Rb1 $1 a6 20. a4 f5 21. Qf4 {[#] Black must now prevent Qh6+.} Qe4 22. Qh6+ Ke7 23. Qg5+ Kf8 $1 24. Qh6+ Ke7 25. Qg5+ Kf8 $1 26. Qh6+ {Precision: White = 70%, Black = 100%.} ({Reject} 26. Nd2 Qxa4 27. Qh6+ Ke8 $15) 1/2-1/2

[Event "FIDE World Cup 2017"]
[Site "Tbilisi"]
[Date "2017.09.07"]
[Round "2.2"]
[White "Jobava, Baadur"]
[Black "Yu, Yangyi"]
[Result "1/2-1/2"]
[WhiteElo "2702"]
[BlackElo "2750"]
[Annotator "TA"]
[PlyCount "90"]
[EventDate "2017.??.??"]
[EventType "k.o."]
[EventCountry "GEO"]
[SourceTitle "playchess.com"]
[Source "ChessBase"]
[SourceQuality "1"]

{[%evp 16,90,-4,0,0,-15,16,19,19,20,20,10,12,0,25,0,0,-12,-12,-12,-11,-10,4,15,23,-13,0,0,0,0,-7,-4,-7,-13,0,0,0,0,0,0,12,12,11,11,11,14,17,17,12,0,0,0,5,0,0,0,0,0,5,5,5,0,0,0,24,0,0,0,45,0,0,0,0,0,0,0,0]} 1. b3 e5 2. Bb2 Nc6 3. e3 Nf6 4. Bb5 Bd6 5. Ne2 O-O 6. Na3 {A01: Nimzowitsch-Larsen Opening} e4 7. Nc4 Be7 8. Bxc6 bxc6 9. O-O {LiveBook: 9 Games} a5 10. d3 d5 $146 ({Predecessor:} 10... a4 11. Ng3 d5 12. Ne5 Qe8 13. dxe4 Nxe4 {½-½ (30) Rapport,R (2702)-Karjakin,S (2785) Wijk aan Zee 2017}) 11. Nd2 a4 12. dxe4 Nxe4 13. Nxe4 dxe4 14. h3 Ra5 15. Qd4 (15. Ng3 {is more complex.} Qd5 16. c4 Qxd1 17. Rfxd1 f5 18. Bc3) 15... Qxd4 16. Nxd4 Bd7 17. Rfd1 Rfa8 18. Ne2 Be8 19. Bc3 Rd5 20. Bd4 Rda5 21. Rab1 axb3 22. axb3 f5 23. b4 Rb5 24. Bc3 c5 25. bxc5 Rxb1 ({Don't play} 25... Bxc5 $6 26. Rxb5 Bxb5 27. Rd5 $16) 26. Rxb1 Bxc5 27. Be5 Bb6 28. Bd4 Ra6 29. Bxb6 Rxb6 $11 {[%mdl 4096] Endgame KRB-KRN} 30. Ra1 Rc6 31. Nd4 Rc5 32. Kh2 Kf7 33. h4 h6 34. Ra6 Bd7 35. Kg3 Rc3 36. Kf4 Rc5 37. h5 Ke7 38. Rg6 Kf7 39. g3 (39. c4 $5) 39... Kf8 40. Ra6 (40. Re6 $5) 40... Ke7 41. Rg6 Kf8 42. c3 (42. Re6 $5) 42... Kf7 {The position is equal.} 43. c4 c6 44. Rd6 Ke7 45. Rg6 Kf7 {Precision: White = 59%, Black = 66%.} 1/2-1/2

[Event "FIDE World Cup 2017"]
[Site "Tbilisi"]
[Date "2017.09.07"]
[Round "2.2"]
[White "Vidit, Santosh Gujrathi"]
[Black "Le, Quang Liem"]
[Result "1/2-1/2"]
[WhiteElo "2702"]
[BlackElo "2739"]
[Annotator "TA"]
[PlyCount "94"]
[EventDate "2017.??.??"]
[EventType "k.o."]
[EventCountry "GEO"]
[SourceTitle "playchess.com"]
[Source "ChessBase"]
[SourceQuality "1"]

{[%evp 20,94,0,0,12,19,68,64,33,40,66,39,62,61,50,56,60,31,31,31,36,11,52,39,50,27,33,22,45,40,51,22,101,62,82,38,35,0,25,23,52,66,47,66,128,125,142,75,85,13,20,17,39,7,18,0,0,0,0,0,0,0,0,0,0,0,0,0,0,0,0,0,0,0,0,0,0]} 1. d4 Nf6 2. Nf3 g6 3. g3 Bg7 4. Bg2 O-O 5. O-O d6 {[%cal Bd7d6,Bd6e5,Be5e4,Be4e3][%mdl 32]} 6. b3 e5 7. dxe5 dxe5 8. Ba3 Qxd1 {A49: 1 d4 Nf6 2 Nf3 g6 3 g3: Anti-King's Indian systems} 9. Rxd1 Re8 10. c4 e4 11. Nd4 $1 {LiveBook: 4 Games} e3 (11... c6 12. Nc3 Na6 13. e3 Bg4 14. Rd2 Rad8 15. h3 Bc8 16. Rad1 {1-0 (41) Kramnik,V (2808)-Vocaturo,D (2583) Baku 2016}) 12. f3 Na6 13. Nc3 c6 14. Rac1 h5 $146 ({Find the theoretical novelty and annotate with similar games:} 14... Bd7 15. Nc2 h5 16. h4 Rac8 17. Na4 b6 18. Bb2 Bf5 19. Nd4 Bd7 20. Nc2 Bf5 21. Nd4 Bd7 22. Nc2 {½-½ (22) Vandrey,W-Mainka,R (2445) Germany 1991}) 15. h4 Bf8 16. Bxf8 Kxf8 17. Kh2 Nc5 18. Bh3 (18. b4 {is more complex.} Ncd7 19. Na4 Kg7 20. a3 Nb6 21. Nc5) 18... Bxh3 19. Kxh3 a5 20. Nc2 Re5 21. Rd4 Ng8 22. Rcd1 Rae8 23. Rd8 Nh6 24. Rxe8+ Kxe8 25. Nd4 Ng8 (25... Re7 $11 {remains equal.}) 26. Kg2 $36 {[%mdl 2048] White fights for an advantage.} Re7 27. Nc2 Nh6 28. Nd4 f5 29. a3 Kf7 30. b4 axb4 31. axb4 Na6 (31... Ne6 $14) 32. b5 $16 Nb4 33. bxc6 (33. c5 $142) 33... bxc6 34. Rb1 (34. c5 $16) 34... Rd7 $1 $11 35. Nb3 {[#] Strongly threatening Nc5.} Nc2 36. Na5 (36. Rc1 $5 {[%cal Rc1c2]} Nb4 37. Rb1 $14) 36... Rc7 {The position is equal.} 37. Rb6 Nd4 38. f4 Ng4 39. c5 Ke7 40. Ra6 Kd7 41. Ra8 Rc8 42. Ra7+ Rc7 43. Ra8 Ne6 44. Na4 Ke7 45. Ra7 Kd8 46. Ra8+ Ke7 47. Ra7 Kd8 {Precision: White = 52%, Black = 48%.} 1/2-1/2

[Event "FIDE World Cup 2017"]
[Site "Tbilisi"]
[Date "2017.09.07"]
[Round "2.2"]
[White "Cheparinov, Ivan"]
[Black "Navara, David"]
[Result "1-0"]
[WhiteElo "2695"]
[BlackElo "2720"]
[Annotator "TA"]
[PlyCount "83"]
[EventDate "2017.??.??"]
[EventType "k.o."]
[EventCountry "GEO"]
[SourceTitle "playchess.com"]
[Source "ChessBase"]
[SourceQuality "1"]

{[%evp 16,83,21,0,23,31,37,42,40,29,48,43,57,64,78,66,64,66,75,65,74,67,62,63,64,71,67,69,93,90,116,73,89,85,99,29,52,52,68,29,110,19,35,8,77,75,1022,806,2177,82,715,128,129,111,6743,6641,29967,29967,29975,29975,29974,29969,29978,29979,29979,29980,29980,29981,29981,29982]} 1. e4 e5 2. Nf3 Nc6 3. d4 exd4 4. Nxd4 Bc5 5. Nb3 Bb6 6. Nc3 Nf6 7. Bg5 {[%cal Bc1g5,Bg5h4,Bh4f2][%mdl 32]} h6 8. Bh4 d6 {C45: Scotch Game} 9. f3 {LiveBook: 4 Games} Be6 (9... g5 10. Bg3 a6 11. Qd2 Qe7 12. O-O-O Be6 13. h4 O-O-O 14. Kb1 Nd7 15. Bf2 Qf6 16. Bxb6 Nxb6 {0-1 (45) Dominguez Perez,L (2752)-Andreikin,D (2736) Novi Sad 2016}) 10. Bb5 O-O {White is slightly better.} 11. Bxc6 $1 bxc6 12. Qe2 $146 ({Predecessor:} 12. Qd3 g5 13. Bg3 Nh5 14. O-O-O Qf6 15. Na4 Nxg3 16. hxg3 {0-1 (36) Brown,M (2252)-Fodor,T (2505) Bournemouth 2016}) 12... g5 13. Bf2 Bxb3 14. axb3 Nd5 15. Qd2 Nxc3 16. Qxc3 f5 17. Qc4+ $1 Kg7 18. Qxc6 fxe4 19. Bxb6 axb6 20. Rxa8 Qxa8 21. Qxc7+ $16 {[%mdl 4096] Endgame KQR-KQR} Kg8 22. O-O exf3 23. Qc4+ Kg7 24. Qc3+ Kg8 25. Rxf3 ({White should try} 25. Qd3 $16 {Black must now prevent Qg6+.} Kg7 26. gxf3 (26. Qxd6 f2+ 27. Kh1 Qe4 $11)) 25... Rxf3 26. gxf3 {KQ-KQ} Qd5 27. Kg2 {Threatens to win with Qc8+.} b5 (27... Qd1 $11) 28. Kg3 (28. Qf6 $16) 28... Kf7 $11 29. f4 Kg6 (29... gxf4+ $1 $11 {remains equal.} 30. Kxf4 Qg2) 30. Qe3 Kf5 $2 {[%mdl 8192] [#]} (30... b4 $16) 31. fxg5 $1 $18 hxg5 32. h3 $2 (32. Qf3+ $18 Qxf3+ 33. Kxf3) 32... Qc5 $2 {[%mdl 8192]} (32... Kg6 $16) 33. Qd3+ $2 (33. Qf2+ $18 Kg6 34. Qxc5 dxc5 35. h4) 33... Kf6 $16 34. Kf3 Qe5 $2 {[%mdl 8192] [#]} (34... b4 $16 35. c3 bxc3 36. bxc3 Qc6+ 37. Kf2 Ke7) 35. Qc3 $1 $18 {[%cal Rc3e5]} Qxc3+ 36. bxc3 {[%cal Bb2c3,Bc3c4,Bc4c5][%mdl 32] KP-KP. White mates.} d5 37. Ke3 Ke5 38. Kd3 Kf4 39. Kd4 Kg3 40. Kxd5 Kxh3 41. c4 g4 42. c5 {Precision: White = 58%, Black = 21%.} ({And not} 42. cxb5 g3 $11) 1-0

[Event "FIDE World Cup 2017"]
[Site "Tbilisi"]
[Date "2017.09.07"]
[Round "2.2"]
[White "Inarkiev, Ernesto"]
[Black "Fedoseev, Vladimir"]
[Result "1/2-1/2"]
[WhiteElo "2694"]
[BlackElo "2731"]
[Annotator "TA"]
[PlyCount "143"]
[EventDate "2017.??.??"]
[EventType "k.o."]
[EventCountry "GEO"]
[SourceTitle "playchess.com"]
[Source "ChessBase"]
[SourceQuality "1"]

{[%evp 11,143,17,17,9,10,12,24,19,46,35,51,25,26,33,33,28,38,42,20,0,0,0,6,0,33,34,50,-50,-52,-645,-48,-42,-47,-81,-69,-90,-90,-119,-99,-88,-89,-89,-89,-87,-31,-29,-30,-38,-24,-34,0,0,0,0,0,0,0,0,0,0,0,0,0,0,0,0,0,0,0,0,41,40,40,40,47,60,63,60,62,65,134,60,58,59,121,93,90,88,100,101,117,117,116,101,96,54,68,69,82,20,37,33,61,20,23,0,67,20,45,8,8,8,8,8,8,0,8,8,8,8,8,8,8,8,8,8,8,8,8,8,8,8,8,8]} 1. e4 c6 2. d4 d5 3. e5 Bf5 4. Nf3 e6 5. Be2 Ne7 6. O-O c5 7. Na3 {[%cal Bb1a3,Ba3b5,Bb5d6][%mdl 32] B12: Caro-Kann: Advance Variation} Nec6 8. c4 cxd4 9. Nb5 {White has an edge.} Be4 10. Bg5 Be7 $146 ({Predecessor:} 10... Qd7 11. Nfxd4 h6 12. Bh4 Nxd4 13. Qxd4 Nc6 14. Qe3 a6 {1-0 (33) Kamsky,G (2732)-Kacheishvili,G (2599) Philadelphia 2011}) 11. Nd6+ Kf8 12. Bxe7+ ({Much weaker is} 12. Nxb7 Qb6 $15) 12... Qxe7 13. Nxd4 Nxe5 14. c5 Nbc6 15. f3 Bg6 16. f4 Nxd4 17. fxe5 Nc6 18. Bh5 {Threatens to win with Bxg6.} Qh4 ({Not} 18... Nxe5 $2 19. Qe2 $16) 19. Bxg6 (19. g4 $14) 19... hxg6 $15 20. Rxf7+ Kg8 21. h3 Nxe5 22. Rf1 b6 23. Qe2 Rh5 24. Nb5 Rc8 25. cxb6 axb6 26. Rae1 Rc4 {[#] ...Rg4! is the strong threat.} 27. Qd2 Kh7 ({Black should play} 27... Qe7 $17 {Strongly threatening ...Qc5+.} 28. b3 Qc5+ 29. Qf2 Qxf2+ 30. Rxf2 Rb4) 28. b3 Re4 29. Rxe4 dxe4 30. Nd4 $1 Qg3 {White must now prevent ...Rxh3.} 31. Qf4 Rxh3 32. Nxe6 Qe3+ 33. Rf2 Qe1+ 34. Rf1 Qe3+ 35. Qxe3 Rxe3 $11 {[%mdl 4096] Endgame KRN-KRN} 36. Rf4 Re1+ 37. Kh2 e3 38. Kg3 Re2 39. a4 Nd3 40. Re4 g5 (40... Ne1 $5 {[%cal Re2g2]} 41. Nf4 Rb2 42. Rxe3 Nc2 $11) 41. Nxg5+ Kg6 42. Nf3 Nc5 43. Rb4 Nd7 44. Kf4 Kf6 45. g4 {[%cal Bg2g4,Bg4g5][%mdl 32]} g6 {[#]} ({Black should try} 45... Kf7 $1 $14) 46. Ke4 (46. Rb5 $1 $16) 46... Nc5+ $14 47. Kd5 Nd7 (47... Ne6 $1 $14) 48. g5+ Kf7 49. Kd4 Ke6 50. Kd3 Rb2 51. Kxe3 Rb1 52. Rb5 Kd6 53. Nd2 Re1+ 54. Kf4 Kc6 55. Nc4 (55. Nf3 $16 Rf1 56. Ke4) 55... Rf1+ 56. Ke3 Rh1 57. Kf3 Rh4 58. Ke3 Rh3+ (58... Rh1 $11) 59. Kd4 {aiming for Ne5+.} Rg3 60. Ke4 Nc5+ $1 {The position is equal.} 61. Kf4 Rxb3 62. Ne5+ Kd6 63. Nc4+ (63. Rxb3 {is interesting.} Nxb3 64. Nxg6 Nc5 65. Kf5 Ne6 66. Kf6) 63... Kc6 64. Rxb3 Nxb3 $11 {KN-KN} 65. Ke5 Nc5 66. Nb2 Nd7+ 67. Ke6 {next Nd3 is good for White.} Nf8+ 68. Kf7 Nh7 $1 69. Kxg6 Nxg5 $1 70. Kxg5 b5 71. a5 {And now Nd3 would win.} Kb7 72. Kf5 {Precision: White = 72%, Black = 70%.} 1/2-1/2

[Event "FIDE World Cup 2017"]
[Site "Tbilisi"]
[Date "2017.09.07"]
[Round "2.2"]
[White "Najer, Evgeniy"]
[Black "Vitiugov, Nikita"]
[Result "1/2-1/2"]
[WhiteElo "2694"]
[BlackElo "2728"]
[Annotator "TA"]
[PlyCount "51"]
[EventDate "2017.??.??"]
[EventType "k.o."]
[EventCountry "GEO"]
[SourceTitle "playchess.com"]
[Source "ChessBase"]
[SourceQuality "1"]

{[%evp 17,51,20,10,11,12,9,12,12,10,0,0,0,0,0,36,12,91,77,81,78,74,95,75,32,23,0,110,108,91,96,63,0,12,0,63,0]} 1. e4 e5 2. Nf3 Nc6 3. Bb5 {[%cal Bf1b5,Bb5a4,Ba4b3][%mdl 32]} a6 4. Ba4 Nf6 5. O-O Be7 6. d3 b5 7. Bb3 d6 8. a4 Bd7 9. Bd2 {C84: Closed Ruy Lopez: Unusual White 6th moves} (9. c3 Na5 10. Bc2 c5 11. d4 Qb8 12. Bg5 h6 13. Bh4 Be6 14. Nbd2 O-O 15. h3 Rc8 16. Bg3 cxd4 17. cxd4 {½-½ (57) Giri,A (2772)-Ding,L (2777) Wenzhou 2017}) 9... b4 {LiveBook: 15 Games} 10. h3 Rb8 11. a5 {The position is equal.} Qc8 12. Re1 O-O 13. c3 {[#]} Be6 $146 {Threatens to win with ...bxc3.} ({Predecessor:} 13... bxc3 14. bxc3 Be6 15. Bxe6 Qxe6 16. Qa4 d5 17. exd5 Qxd5 {½-½ (66) Kobalia,M (2630)-Harikrishna,P (2659) Kallithea 2008}) 14. Ba4 bxc3 15. Bxc3 Qb7 16. Nbd2 (16. Bxc6 $5 Qxc6 17. Nbd2 $11) 16... Nb4 (16... Bd7 $11 {keeps the balance.}) 17. d4 $1 $16 Nd3 18. Re3 $1 {[%cal Re3d3]} Nxb2 19. Bxb2 Qxb2 20. Rb1 Qa2 21. Ra1 (21. Rc1 $11) 21... Qb2 {[#]} 22. d5 $1 {[%cal Rd5e6]} Bxd5 {[#] ...Ba8 is the strong threat.} 23. Rb1 $1 {[%cal Rb1b2]} Qa2 {Strongly threatening ...Rxb1.} 24. Ra1 (24. exd5 $14 Nxd5 25. Rxb8 Rxb8 26. Rb3) 24... Qb2 $11 {And now ...Ba2 would win.} 25. Rb1 ({White should try} 25. exd5 $11 Nxd5 26. Rea3) 25... Qa2 $14 {White must now prevent ...Rxb1.} 26. Ra1 {Precision: White = 65%, Black = 71%.} ({White should play} 26. exd5 $14 Nxd5 27. Rxb8 Rxb8 28. Rb3) 1/2-1/2

[Event "FIDE World Cup 2017"]
[Site "Tbilisi"]
[Date "2017.09.07"]
[Round "2.2"]
[White "Kuzubov, Yuriy"]
[Black "Mamedyarov, Shakhriyar"]
[Result "1/2-1/2"]
[WhiteElo "2688"]
[BlackElo "2797"]
[Annotator "TA"]
[PlyCount "259"]
[EventDate "2017.??.??"]
[EventType "k.o."]
[EventCountry "GEO"]
[SourceTitle "playchess.com"]
[Source "ChessBase"]
[SourceQuality "1"]

{[%evp 26,259,-10,-18,0,-57,-55,-78,-18,-25,0,0,0,0,24,22,23,39,26,6,6,5,7,0,0,0,33,22,43,40,50,37,59,59,60,59,61,59,45,37,58,56,58,63,70,53,56,59,60,57,57,57,53,31,29,22,21,0,0,0,0,0,0,0,13,0,25,27,29,30,102,94,86,29,29,29,34,34,125,106,133,124,131,89,152,95,84,0,0,0,0,0,0,0,0,0,0,0,0,0,0,-27,-23,-46,-46,-108,-108,-108,-108,-137,0,0,0,0,0,0,0,0,0,0,0,0,0,0,0,0,10,0,0,0,0,0,0,0,0,0,0,0,0,0,0,0,0,0,0,0,0,0,0,0,0,-21,0,0,0,0,0,0,0,0,0,0,0,0,0,0,0,0,0,0,0,0,0,-13,-13,-13,-13,-21,-21,-35,-35,-101,-101,-101,-101,-101,-101,-101,0,-101,0,-101,-101,-101,-101,-101,-101,-108,-101,-101,-101,-101,-101,-123,-101,-101,-101,-123,-101,-123,-101,-101,0,-101,-101,-101,-101,-101,-101,-101,-101,-101,-101,-101,-101,-101,0,-101,0,-101,0,-101,0,-101,0,-101]} 1. e4 e5 2. Nf3 Nc6 3. Bb5 a6 4. Ba4 Nf6 5. O-O Be7 6. d3 d6 7. c3 O-O 8. Re1 Re8 9. Nbd2 Bf8 10. Nf1 b5 11. Bb3 Na5 12. Bc2 c5 13. d4 {C90: Closed Ruy Lopez with 7...d6: Early deviations} (13. Bg5 h6 14. Bxf6 Qxf6 15. Ne3 Be6 16. Nd2 g6 17. a4 h5 18. axb5 axb5 19. Qe2 Bh6 20. Ra3 Bxe3 21. Qxe3 b4 22. Ra4 Nc6 {½-½ (39) Anand,V (2786)-Carlsen,M (2864) Moscow 2013}) 13... exd4 14. cxd4 {LiveBook: 3 Games} Bg4 15. Ng3 (15. d5 $11) 15... Nc6 16. Be3 $146 ({Find the theoretical novelty and annotate with similar games:} 16. dxc5 dxc5 17. Qxd8 Raxd8 18. Bg5 Bxf3 19. gxf3 Nd4 20. Bd1 Be7 21. Kg2 {0-1 (47) Isaev,M (2321)-Cheremnukh,S (2128) Rybinsk 2001}) 16... d5 (16... cxd4 $17 17. Bxd4 Nxd4 18. Qxd4 Bxf3 19. gxf3 Nd7) 17. dxc5 $11 Nxe4 (17... d4 $5 18. Bf4 Bxc5 $11) 18. h3 Bxf3 $1 19. Qxf3 {[%cal Rg3e4]} Nxg3 20. Qxg3 Qf6 21. Bb3 d4 22. Bg5 Qf5 $1 23. Qf4 Qd7 $132 {[%mdl 2048] Black is not keeping still} 24. Qg4 Qxg4 25. hxg4 Rxe1+ (25... Bxc5 $6 26. Bd5 $16) 26. Rxe1 Rc8 ({Avoid the trap} 26... Bxc5 $2 27. Bd5 $18) 27. Bd5 Nb4 ({But not} 27... Bxc5 $2 28. Bxc6 h6 29. Bd7 $18) 28. Be4 $1 Rxc5 29. Bd2 Nc2 30. Rc1 d3 $1 31. Bxd3 Nb4 32. Bb1 Rxc1+ 33. Bxc1 $14 {[%mdl 4096] Endgame KBB-KBN} g6 34. Kf1 Bg7 35. Ke2 Kf8 36. Bd2 Nc6 37. Be4 Nd8 38. b3 Ke7 39. a4 Ne6 40. Bb4+ Kd7 41. Bb7 a5 42. Be1 b4 43. Kd1 Kd6 44. Ba6 $1 Ke5 45. Bd2 f5 46. gxf5 gxf5 47. Bc4 Nd4 (47... Bf6 $11) 48. Bg5 $1 $16 Nc6 49. Ke2 (49. Bg8 $1 $16) 49... f4 $1 $11 50. g3 fxg3 51. fxg3 h6 (51... Kd4 $14) 52. Be3 $16 Ke4 53. Bd3+ Kd5 54. Bh7 Be5 (54... Bf8 $142) 55. g4 ({Resist} 55. Bxh6 $6 Bxg3 56. Ke3 Nd8 $14) (55. Kd3 $142 $1) 55... Bg7 56. Kf3 ({White should try} 56. Kd2 $16) 56... Nd4+ $11 57. Kf2 Ke5 58. Bg8 Ke4 59. Bc4 Nc6 {With the idea ...Bd4.} 60. Bd2 Ne5 61. Be2 Nf7 62. Bc1 Bf6 63. Bf1 Ne5 {Hoping for ...Bg5.} 64. Kg3 Bg5 65. Bg2+ (65. Bb2 $1 $15 Bf4+ 66. Kh3) 65... Kd3 $17 66. Bb2 {[#]} Nd7 $1 67. Bd5 {[#]} Bd8 (67... Nc5 $1 $17 {[%cal Rc5e4] Threatens to win with ...Ne4+.} 68. Be5 Kc2) 68. Bg7 Bg5 69. Kf3 Nc5 70. Bf8 Kd4 71. Bg8 (71. Bxc5+ $5 Kxc5 72. Ke4 $11) 71... Nd7 72. Bg7+ Ne5+ 73. Kg3 Ke4 74. Bh7+ Kd5 75. Bf5 Nc6 76. Kf2 Nd4 77. Bh7 (77. Bxd4 $5 Kxd4 78. Kf3 $11) 77... Nc6 78. Ke2 Ne5 79. Bf5 Nc6 80. Kf2 Nd4 81. Bg6 Nc6 82. Bf8 Ne5 83. Bf5 Nc6 84. Bg6 Ne5 85. Bf5 Nc6 86. Bd3 Ne5 87. Be2 Ke4 88. Bd6 Bd8 89. Ke1 Kd5 90. Bb8 Ke4 91. Kd2 Bg5+ 92. Kd1 Bd8 93. Bd6 Kd5 94. Bf8 Bg5 95. Kc2 Ke4 96. Bd6 Bd8 97. Bc5 (97. Bxe5 $5 Kxe5 98. Kd3 $11) 97... Nd7 98. Bd3+ Kf4 99. Bd6+ Kxg4 100. Bb5 Nf6 101. Kd3 h5 {[%cal Bh6h5,Bh5h4][%mdl 32]} 102. Be5 h4 103. Bxf6 ({White should play} 103. Bd6 $15) 103... Bxf6 $15 {KB-KB} 104. Ke2 Kg3 105. Bc6 Be7 106. Kf1 Bf6 107. Ke2 Be7 108. Kf1 $1 Bc5 109. Bb7 Bd4 110. Bc6 Bb6 111. Bb7 Bc7 112. Bc6 Be5 113. Bb7 Bc3 114. Bc6 Ba1 115. Bb7 Bg7 116. Bc6 Bf8 117. Bb7 Bd6 118. Kg1 Bc5+ ({Better is} 118... h3 $17 119. Bd5 Bc5+ 120. Kf1 h2) 119. Kh1 (119. Kf1 $11 {was the only way to keep the balance.}) 119... Ba7 120. Bd5 Bd4 121. Bc4 Bg7 122. Bb5 Bh8 123. Bc4 h3 124. Bb5 Bg7 125. Bc4 Bh8 126. Bb5 $1 Bg7 127. Bc4 $1 Bh8 128. Bb5 $1 Bg7 129. Bc4 $1 Bh8 130. Bb5 $1 {Precision: White = 64%, Black = 58%.} 1/2-1/2

[Event "FIDE World Cup 2017"]
[Site "Tbilisi"]
[Date "2017.09.07"]
[Round "2.2"]
[White "Rapport, Richard"]
[Black "Wei, Yi"]
[Result "1/2-1/2"]
[WhiteElo "2675"]
[BlackElo "2748"]
[Annotator "TA"]
[PlyCount "30"]
[EventDate "2017.??.??"]
[EventType "k.o."]
[EventCountry "GEO"]
[SourceTitle "playchess.com"]
[Source "ChessBase"]
[SourceQuality "1"]

{[%evp 14,15,29,19]} 1. Nf3 Nf6 2. g3 g6 3. d4 Bg7 4. Bg2 d5 5. O-O O-O 6. c4 c6 7. Qb3 a5 8. cxd5 {LiveBook: 39 Games. D78: Fianchetto Grünfeld: 6 0-0 c6} {Find the theoretical novelty and annotate with similar games:} a4 $146 9. Qd1 cxd5 10. Nc3 Ne4 11. Nd2 Nxc3 12. bxc3 Qa5 13. Ba3 Qxc3 14. Bxe7 Qxd4 15. Rc1 Re8 {½-½ (32) Li,C (2720)-Ding,L (2760) Sharjah 2017} 1/2-1/2

[Event "FIDE World Cup 2017"]
[Site "Tbilisi"]
[Date "2017.09.07"]
[Round "2.2"]
[White "Dubov, Daniil"]
[Black "Karjakin, Sergey"]
[Result "1-0"]
[WhiteElo "2666"]
[BlackElo "2780"]
[Annotator "TA"]
[PlyCount "61"]
[EventDate "2017.??.??"]
[EventType "k.o."]
[EventCountry "GEO"]
[SourceTitle "playchess.com"]
[Source "ChessBase"]
[SourceQuality "1"]

{[%evp 18,61,-11,-23,35,22,35,18,13,26,44,58,37,26,53,20,34,52,45,45,68,67,73,71,77,70,93,71,91,109,109,108,116,130,116,124,213,237,227,176,279,270,251,272,265,265]} 1. c4 Nf6 2. Nc3 e5 3. Nf3 Nc6 4. g3 d5 5. cxd5 Nxd5 6. Bg2 Bc5 {A29: English Opening: Four Knights Variation with 4 g3} 7. O-O O-O 8. d3 Bb6 9. Nxd5 Qxd5 {[#]} 10. b4 $1 {[%cal Bb2b4,Bb4b5][%mdl 544] LiveBook: 3 Games} e4 ({Of course not} 10... Nxb4 11. Bb2 $14) (10... a5 $11) 11. Ng5 $14 Qd4 12. Ba3 $146 {aiming for b5.} ({Find the theoretical novelty and annotate with similar games:} 12. Be3 Qxb4 13. Nxe4 Bxe3 14. fxe3 {1-0 (53) Nakamura,H (2792)-Karjakin,S (2773) Saint Louis 2017}) 12... e3 {[%cal Re3f2]} 13. b5 exf2+ 14. Kh1 Ne5 $1 {Hoping for ...Re8.} 15. Bxf8 Kxf8 16. a4 {[%cal Ba2a4,Ba4a5][%mdl 32] a5 is the strong threat.} a5 17. bxa6 Rxa6 18. a5 $1 {[%cal Ra5b6]} Ba7 19. Qc1 Qd8 20. Qf4 $1 {[%cal Rf4e5]} h6 {[#]} 21. Ne4 $1 {[%cal Bg5e4,Be4c3,Bc3d5][%mdl 32]} ({Much worse is} 21. Qxe5 hxg5 22. Ra4 Rd6 $11) 21... Qe7 22. Nc3 g5 {[#]} 23. Qc1 $1 Ng4 24. Nd5 $1 $40 {[%csl LRc7,LRe7][%mdl 128] White is out for blood.} Qxe2 25. Qxc7 Rc6 26. Qd8+ Qe8 (26... Kg7 $16) 27. Qxe8+ $18 Kxe8 28. d4 Kd8 (28... Bxd4 $142 29. Ra4 Ba7) 29. h3 {White has a decisive advantage.} Nf6 30. Nb6 ({But not} 30. Rxf2 $6 Nxd5 31. Bxd5 Bxd4 $16) 30... Rc2 31. Nxc8 {Precision: White = 94%, Black = 57%.} 1-0

[Event "FIDE World Cup 2017"]
[Site "Tbilisi"]
[Date "2017.09.07"]
[Round "2.2"]
[White "Grachev, Boris"]
[Black "Vachier-Lagrave, Maxime"]
[Result "1/2-1/2"]
[WhiteElo "2654"]
[BlackElo "2804"]
[Annotator "TA"]
[PlyCount "61"]
[EventDate "2017.??.??"]
[EventType "k.o."]
[EventCountry "GEO"]
[SourceTitle "playchess.com"]
[Source "ChessBase"]
[SourceQuality "1"]

{[%evp 20,61,21,20,23,20,27,26,13,12,31,22,21,-5,-10,-13,8,8,8,8,8,8,8,8,8,8,6,0,0,0,6,0,0,0,0,0,0,0,0,0,0,0,0,0]} 1. d4 Nf6 2. c4 g6 3. Nc3 d5 4. cxd5 Nxd5 5. e4 Nxc3 6. bxc3 Bg7 7. Nf3 c5 8. h3 O-O 9. Be3 {D85: Exchange Grünfeld: Unusual White 7th moves and lines with 7 Nf3} (9. Be2 Nc6 10. Be3 f5 11. Qb3+ Kh8 12. Rd1 cxd4 13. Nxd4 Nxd4 14. Bxd4 Qc7 15. exf5 Bxf5 16. O-O Bxd4 17. Rxd4 Rac8 18. c4 {½-½ (30) Piorun,K (2638)-Areshchenko,A (2677) Poland 2017}) 9... Qa5 10. Bd2 Nc6 11. Be2 {LiveBook: 12 Games} Qd8 {[%cal Rc5d4]} 12. d5 Ne5 13. Nxe5 Bxe5 14. O-O $146 ({Predecessor:} 14. Qb3 Rb8 15. O-O b5 16. Bh6 {½-½ (49) Grachev,B (2434)-Areshchenko,A (2512) Moscow 2002}) 14... f5 15. f4 Bg7 {The position is equal.} 16. Bc4 fxe4 17. Qe2 Kh8 18. Qxe4 Bf5 19. Qe2 a6 20. a4 b5 21. axb5 axb5 22. Rxa8 Qxa8 23. Bxb5 Qxd5 24. Bc4 Qe4 25. Qxe4 (25. Rf2 {feels hotter.} Rd8 26. g4 Qxe2 27. Rxe2 Bd3 28. Bxd3 Rxd3 29. Rxe7 Kg8 30. Be3) 25... Bxe4 26. Re1 Rd8 27. Rxe4 Rxd2 28. Rxe7 Bxc3 29. Re8+ Kg7 30. Re7+ Kh8 31. Re8+ {Precision: White = 64%, Black = 72%.} 1/2-1/2